MARC

Tag First Indicator Second Indicator Subfields
LEADER 00000cam a2200000Ia 4500
001 in00002738821
005 20211120164402.0
006 m o d f
007 cr bn|||||||||
008 120229m19931994dcu o f000 0 eng d
035 |a (OCoLC)ocn778693012 
040 |a GPO  |c GPO  |d MvI  |d UtOrBLW 
049 |a WWW 
074 |a 1051-H-08 (online) 
086 0 |a Y 3.N 88:56-2/93-17 
245 0 0 |a Safety system response to loss of coolant and loss of offsite power. 
264 1 |a Washington, D.C. :  |b U.S. Nuclear Regulatory Commission, Office of Nuclear Reactor Regulation,  |c [1993] 
300 |a 1 online resource. 
336 |a text  |b txt  |2 rdacontent 
337 |a computer  |b c  |2 rdamedia 
338 |a online resource  |b cr  |2 rdacarrier 
490 1 |a NRC information notice ;  |v 93-17 
500 |a Title from title screen (viewed on Feb. 29, 2012). 
500 |a "March 8, 1993." 
500 |a Includes revision 1, dated March 25, 1994. 
500 |a Electronic resource. 
650 0 |a Water cooled reactors  |x Loss of coolant  |x Safety measures. 
650 0 |a Pressurized water reactors  |x Loss of coolant  |x Safety measures. 
650 0 |a Nuclear power plants  |x Electric equipment  |x Safety measures. 
650 0 |a Electric power failures. 
710 2 |a U.S. Nuclear Regulatory Commission.  |b Office of Nuclear Reactor Regulation. 
830 0 |a NRC information notice ;  |v 93-17. 
856 4 0 |u https://purl.fdlp.gov/GPO/gpo19446  |t 0 
999 |a MARS 
999 f f |s 4623495c-6f0e-3a31-bd97-7fd70f4e177e  |i d9604ab9-055a-35af-bd0e-64a4552d397d  |t 0 
952 f f |a Texas A&M University  |b College Station  |c Electronic Resources  |d Available Online  |t 0  |e Y 3.N 88:56-2/93-17  |h Superintendent of Documents classification 
998 f f |a Y 3.N 88:56-2/93-17  |t 0  |l Available Online